Arrangements for handling heritage applications (Record no. 104711)

MARC details
000 -LEADER
fixed length control field 01640cam a2200241 4500
001 - CONTROL NUMBER
control field ##L131317
008 - FIXED-LENGTH DATA ELEMENTS--GENERAL INFORMATION
fixed length control field 051019n2005 000 0 eng u
020 ## - INTERNATIONAL STANDARD BOOK NUMBER
International Standard Book Number 0117539562
035 ## - SYSTEM CONTROL NUMBER
System control number (Sirsi) u131317
041 0# - LANGUAGE CODE
Language code of text/sound track or separate title eng
050 04 - LIBRARY OF CONGRESS CALL NUMBER
Classification number 690.241026 $2 18
110 1# - MAIN ENTRY--CORPORATE NAME
Corporate name or jurisdiction name as entry element United Kingdom
Subordinate unit Office of the Deputy Prime Minister
245 00 - TITLE STATEMENT
Title Arrangements for handling heritage applications
Remainder of title notification to National Amenity Societies Direction 2005 $[ electronic resource]
260 ## - PUBLICATION, DISTRIBUTION, ETC.
Place of publication, distribution, etc. London
Name of publisher, distributor, etc. ODPM
Date of publication, distribution, etc. 2005
490 #0 - SERIES STATEMENT
Series statement ODPM Circular
Volume/sequential designation 09/2005
490 #0 - SERIES STATEMENT
Series statement DCMS Circular
Volume/sequential designation 01/2005
520 ## - SUMMARY, ETC.
Summary, etc. Updates advice to local planning authorities in respect of those National Amenity Societies (NAS) to whom they must send notice of applications for listed building consent and the decisions taken by them on those applications, in the following cases: works for the demolition of a listed building or works for the alteration of a listed building which comprise or include the demolition of any part of that building. The NAS are the Ancient Monuments Society, the Council for British Archaeology, the Georgian Group, the Society for the Protection of Ancient Buildings, the Victorian Society and the Twentieth Century Society. The Direction comes into force on 6 October 2005 and relates to England only.
590 ## - LOCAL NOTE (RLIN)
Local note IKA251005
650 24 - SUBJECT ADDED ENTRY--TOPICAL TERM
Topical term or geographic name entry element ODPM CIRCULAR 09/2005
690 ## - LOCAL SUBJECT ADDED ENTRY--TOPICAL TERM (OCLC, RLIN)
Topical term or geographic name as entry element BUILT ENVIRONMENT-BUILDING TYPES-HISTORIC BUILDINGS AND ANCIENT MONUMENTS-LISTED BUILDINGS
856 40 - ELECTRONIC LOCATION AND ACCESS
Uniform Resource Identifier <a href="https://www.communities.gov.uk/publications/planningandbuilding/circulararrangements2">https://www.communities.gov.uk/publications/planningandbuilding/circulararrangements2</a>
Public note View the item free of charge at www.communities.gov.uk
942 ## - ADDED ENTRY ELEMENTS (KOHA)
Suppress in OPAC 0
Holdings
Withdrawn status Lost status Source of classification or shelving scheme Damaged status Not for loan Home library Current library Shelving location Date acquired Total Checkouts Full call number Barcode Date last seen Copy number Price effective from Koha item type
    Dewey Decimal Classification     Virtual Virtual Online 19/10/2005   ONLINE PUBLICATION 131317-2001 06/08/2019 1 06/08/2019 Book